Palabra de Miguel Angel

Saved in:
Bibliographic Details
Main Author: Holanda, Francisco de (Author)
Format: Book
Language:Spanish
Published: Madrid Casimiro Libros 2012
Edition:1a. ed
Subjects:
Tags: Add Tag
No Tags, Be the first to tag this record!

MARC

LEADER 00000cam a2200000 a 4500
001 UCE1200
003 CL-VaPUC
008 140331e20120000sp |||||||||||||||||spa|d
020 |a 9788493967802 
082 0 4 |a 927  |b HOL  |2 21 
100 |a Holanda, Francisco de  |e author  |9 605587 
245 1 0 |a Palabra de Miguel Angel 
250 |a 1a. ed 
300 |a 93 p 
942 |c BK 
945 |d 20140331 09:48:00  |a dcastane 
260 |a Madrid  |b Casimiro Libros  |c 2012 
600 0 |a Miguel Angel  |q (Buonarroti, Michelangelo)  |d 1475-1564  |9 880971 
650 0 |a Biografías  |9 255210 
650 7 |a PINTORES RENACENTISTAS  |2 CL-VaPUC  |9 456682 
583 |a last modification  |c 20140331 09:48:00  |k Rodrigo Vera 
999 |c 355079  |d 355077 
952 |0 0  |1 0  |3 erb  |4 0  |6 927_000000000000000_HOL_2012  |7 0  |8 A  |9 461439  |a BIBART  |b BIBART  |i 5064988  |o 927 HOL 2012  |p 5064988  |r 2025-03-13  |w 2019-11-23  |y BK  |z Catalogado en:20140331  |k ART